History Quiz

Random History or Minefield Quiz

Building Time Quiz Stats

 Plays Quiz Updated Dec 19, 2014

Challenge
Share
Tweet
Embed
Score 0/15 Timer 05:00
0 Plays Today
% Correct
???
95.6%
???
60.4%
???
51.7%
???
41.4%
???
34.5%
???
30.5%
???
19.3%
???
15.9%
% Correct
???
15.4%
???
14.4%
???
14.3%
???
13.6%
???
13.5%
???
12.3%
???
12.3%

You're not logged in!

Compare scores with friends on all Sporcle quizzes.
OR
Log In

You Might Also Like...

Show Comments

Extras

Top Quizzes Today


Score Distribution

Your Account Isn't Verified!

In order to create a playlist on Sporcle, you need to verify the email address you used during registration. Go to your Sporcle Settings to finish the process.

Report this User

Report this user for behavior that violates our Community Guidelines.

Details: